00938nam a2200241u 450000100100000000500170001000800410002704000310006804300090009908200160010810000400012424500610016426000400022530000310026549000460029665000590034265100700040183000540047191000280052504900090055395201190056299900150068100000150420200929145612.0831117s1935 sp bc 001 0 spa d aDO-SdBNPcCarPdDLCdBNPHU ae-sp annnnbM294a1 aDomínguez Bordona, Jesús,9496910aManuscritos de América /cJesús Domínguez Bordona. aMadrid :bTalleres de Blass,c1935. aviii, 250, [1] p. ;c27cm.1 aCatálogo de la Biblioteca de Palaciov9 0aManuscriptszSpainxCatalogs. [from old catalog]94970 0aAmericaxHistoryxSourcesxBibliography. [From Old Catalog]94971 0aCatálogo de la Biblioteca de Palacio ;v994972 aCatalogación derivada aBNGR 001053728MOaGRbGRcCTd2009-09-22iLF1l0onnnn M294ap1504-10r2020-06-25te. 1w2020-06-25y1ZNo se presta c1409d1409